Greek papyri : an introduction /

محفوظ في:

المؤلف الرئيسي: Turner, E. G. 1911-1983.

مؤلف مشترك: History E-Book Project.

التنسيق: كتاب

اللغة: English

منشور في: Princeton, N.J. : Princeton University Press, 1968.

الموضوعات:

الوسوم: إضافة وسم

لا توجد وسوم, كن أول من يضع وسما على هذه التسجيلة!

رقم الطلب: PA3341 .T8

LEADER 00743nam a22002177a 4500
003 OCoLC
005 20251006103826.0
008 251006t1968 njuabch b 001 0 eng d
050 1 4 |a PA3341  |b .T8 
100 1 |a Turner, E. G.  |q (Eric Gardner),  |d 1911-1983. 
245 1 0 |a Greek papyri :  |b an introduction /  |c E.G. Turner. 
264 1 |a Princeton, N.J. :  |b Princeton University Press,  |c 1968. 
300 |a ix, 220 pages :  |b illustrations, facsimiles, map, portrait ;  |c 23 cm 
336 |a text  |b txt  |2 rdacontent 
337 |a unmediated  |b n  |2 rdamedia 
338 |a volume  |b nc  |2 rdacarrier 
504 |a Includes bibliographical references and index. 
650 0 |a Manuscripts, Greek (Papyri) 
710 2 |a History E-Book Project. 
942 |2 lcc 
999 |c 56971  |d 56971